| 000 | 01903nam a2200457Ia 4500 | ||
|---|---|---|---|
| 001 | ebr10590397 | ||
| 003 | CaPaEBR | ||
| 006 | m u | ||
| 007 | cr cn||||||||| | ||
| 008 | 120213s2012 cau sb 001 0 eng d | ||
| 010 | _z 2012006363 | ||
| 020 | _z9780520262522 (cloth : alk. paper) | ||
| 020 | _z9780520262539 (pbk. : alk. paper) | ||
| 020 | _z9780520953901 | ||
| 040 |
_aCaPaEBR _cCaPaEBR |
||
| 035 | _a(OCoLC)808771986 | ||
| 050 | 1 | 4 |
_aDS125 _b.S77 2012eb |
| 082 | 0 | 4 |
_a956.94 _223 |
| 245 | 0 | 0 |
_aStruggle and survival in Palestine/Israel _h[electronic resource] / _cedited by Mark LeVine and Gershon Shafir. |
| 260 |
_aBerkeley : _bUniversity of California Press, _c2012. |
||
| 300 | _axii, 459 p. | ||
| 504 | _aIncludes bibliographical references and index. | ||
| 533 |
_aElectronic reproduction. _bPalo Alto, Calif. : _cebrary, _d2011. _nAvailable via World Wide Web. _nAccess may be limited to ebrary affiliated libraries. |
||
| 650 | 0 |
_aCities and towns _zPalestine _xHistory. |
|
| 650 | 0 |
_aJews _zPalestine _xHistory _y19th century. |
|
| 650 | 0 |
_aJews _zPalestine _xHistory _y20th century. |
|
| 650 | 0 |
_aPalestinian Arabs _xHistory _y19th century. |
|
| 650 | 0 |
_aPalestinian Arabs _xHistory _y20th century. |
|
| 650 | 0 |
_aArab-Israeli conflict _xInfluence. |
|
| 651 | 0 |
_aPalestine _xHistory _y1799-1917. |
|
| 651 | 0 |
_aPalestine _xHistory _y1917-1948. |
|
| 651 | 0 |
_aPalestine _xSocial conditions _y19th century. |
|
| 651 | 0 |
_aPalestine _xEconomic conditions _y19th century. |
|
| 651 | 0 |
_aPalestine _xSocial conditions _y20th century. |
|
| 651 | 0 |
_aPalestine _xEconomic conditions _y20th century. |
|
| 655 | 7 |
_aElectronic books. _2local |
|
| 700 | 1 |
_aLeVine, Mark Andrew, _d1966- |
|
| 700 | 1 | _aShafir, Gershon. | |
| 710 | 2 | _aebrary, Inc. | |
| 856 | 4 | 0 |
_uhttp://site.ebrary.com/lib/rucke/Doc?id=10590397 _zAn electronic book accessible through the World Wide Web; click to view |
| 999 |
_c105238 _d105238 |
||